Loading...
| Science - Chemistry | 0 | 5 | 0 | 3 | 50 | 72 | 112.40 | 0 | 1 | 0.00 | 0.00 |
| Science - Biology | 0 | 4 | 0 | 2 | 40 | 68 | 103.75 | 0 | 1 | 0.00 | 0.00 |
| History - World | 0 | 4 | 1 | 2 | 35 | 62 | 103.25 | 0 | 1 | 0.00 | 0.00 |
| History - European | 0 | 4 | 2 | 0 | 30 | 75 | 104.00 | 1 | 2 | 0.00 | 0.00 |
| Mythology | 0 | 3 | 0 | 0 | 30 | 42 | 68.33 | 1 | 2 | 0.00 | 0.00 |
| Social Science | 0 | 2 | 0 | 0 | 20 | 64 | 79.50 | 1 | 2 | 0.00 | 0.00 |
| History - Other | 0 | 2 | 1 | 0 | 15 | 66 | 96.00 | 0 | 1 | 0.00 | 0.00 |
| Science - Physics | 0 | 2 | 1 | 0 | 15 | 99 | 100.00 | 0 | 1 | 0.00 | 0.00 |
| Geography/Current Events | 0 | 2 | 1 | 1 | 15 | 53 | 91.50 | 0 | 1 | 0.00 | 0.00 |
| Religion | 0 | 2 | 2 | 1 | 10 | 94 | 111.50 | 0 | 0 | 0.00 | 0.00 |
| Literature - European | 0 | 1 | 0 | 0 | 10 | 78 | 78.00 | 0 | 1 | 0.00 | 0.00 |
| Literature - World/Other | 0 | 1 | 0 | 0 | 10 | 55 | 55.00 | 1 | 1 | 0.00 | 0.00 |
| Philosophy | 0 | 1 | 0 | 0 | 10 | 58 | 58.00 | 1 | 1 | 0.00 | 0.00 |
| Science - Other | 0 | 1 | 0 | 0 | 10 | 85 | 85.00 | 0 | 1 | 0.00 | 0.00 |
| Fine Arts - Other | 0 | 1 | 1 | 0 | 5 | 79 | 79.00 | 0 | 1 | 0.00 | 0.00 |
| Other Academic | 0 | 0 | 1 | 0 | -5 | 0.00 | 0 | 0 | 0.00 | 0.00 | |
| History - American | 0 | 0 | 1 | 0 | -5 | 0.00 | 0 | 0 | 0.00 | 0.00 |